Administración de personal (Registro nro. 6)
[ vista simple ]
| 000 -LEADER | |
|---|---|
| fixed length control field | 01599 a2200265 4500 |
| 001 - CONTROL NUMBER | |
| control field | 7 |
| 005 - DATE AND TIME OF LATEST TRANSACTION | |
| control field | 20260407155401.0 |
| 008 - FIXED-LENGTH DATA ELEMENTS--GENERAL INFORMATION | |
| fixed length control field | 260407a2001 arg spa d |
| 003 - CONTROL NUMBER IDENTIFIER | |
| control field | AR-UNSa-BCEJYS |
| 040 ## - CATALOGING SOURCE | |
| Original cataloging agency | AR-UNSa-BCEJYS |
| Language of cataloging | spa |
| Transcribing agency | AR-UNSa-BCEJYS |
| 080 ## - UNIVERSAL DECIMAL CLASSIFICATION NUMBER | |
| Universal Decimal Classification number | 658.310.8 |
| Common auxiliary subdivision | Gestión y administración de personal |
| 020 ## - INTERNATIONAL STANDARD BOOK NUMBER | |
| International Standard Book Number | 968-444-488-5 |
| 041 ## - LANGUAGE CODE | |
| Language code of text/sound track or separate title | spa |
| 100 1# - MAIN ENTRY--PERSONAL NAME | |
| Personal name | Dessler, Gary |
| 245 10 - TITLE STATEMENT | |
| Title | Administración de personal |
| 250 ## - EDITION STATEMENT | |
| Edition statement | 8a. ed. |
| 264 #1 - PRODUCTION, PUBLICATION, DISTRIBUTION, MANUFACTURE, AND COPYRIGHT NOTICE | |
| Place of production, publication, distribution, manufacture | México : |
| Name of producer, publisher, distributor, manufacturer | Pearson Educación |
| Date of production, publication, distribution, manufacture, or copyright notice | 2001 |
| 300 ## - PHYSICAL DESCRIPTION | |
| Extent | xxviii, 700 p. |
| Dimensions | 25 cm. |
| 505 ## - FORMATTED CONTENTS NOTE | |
| Formatted contents note | 1. El papel estratégico de la administración de personal - 2. Las leyes y la igualdad de oportunidades - 3. El análisis de puestos - 4. Planeación y reclutamiento de personal - 5. Las pruebas y la selección de empleados - 6. Como entrevistar a los candidatos - 7. Capacitación y desarrollo de empleados - 8. Cómo administrar la renovación de la organización - 9. Evaluación de desempeño - 10. La administración de carreras y el trato justo - 11. Cómo establecer planes salariales - 12. Retribución por desempeño e incentivos económicos - 13. Prestaciones y servicios - 14. Las relaciones laborales y las negociaciones colectivas - 15. La seguridad y la salud de los empleados - 16. Administración de personal en una empresa internacional |
| 590 ## - LOCAL NOTE (RLIN) | |
| Local note | niveau_biblio:m niveau_hierar:0 |
| 700 1# - ADDED ENTRY--PERSONAL NAME | |
| Personal name | Mascaró Sacristán, Pilar |
| 700 1# - ADDED ENTRY--PERSONAL NAME | |
| Personal name | Villa Carrandi, María Covadonga |
| 856 41 - ELECTRONIC LOCATION AND ACCESS | |
| Uniform Resource Identifier | <a href="https://biblioeco.unsa.edu.ar/pmb/images/libros/Administracion de Personal (Gary Dessler).jpg">https://biblioeco.unsa.edu.ar/pmb/images/libros/Administracion de Personal (Gary Dessler).jpg</a> |
| Link text | Imagen de portada |
| Electronic format type | image/jpeg |
| 942 ## - ADDED ENTRY ELEMENTS (KOHA) | |
| Koha item type | |
| Withdrawn status | Lost status | Damaged status | Not for loan | Home library | Current library | Shelving location | Date acquired | Total checkouts | Full call number | Barcode | Date last seen | Price effective from | Koha item type |
|---|---|---|---|---|---|---|---|---|---|---|---|---|---|
| Biblioteca Prof. Eusebio Cleto del Rey | Biblioteca Prof. Eusebio Cleto del Rey | 07/04/2026 | 658.310.8 D475 8ed. | L87290 | 07/04/2026 | 07/04/2026 | Libro | ||||||
| Biblioteca Prof. Eusebio Cleto del Rey | Biblioteca Prof. Eusebio Cleto del Rey | 07/04/2026 | 658.310.8 D475 8ed. | L116916 | 07/04/2026 | 07/04/2026 | Libro | ||||||
| Biblioteca Prof. Eusebio Cleto del Rey | Biblioteca Prof. Eusebio Cleto del Rey | 07/04/2026 | 658.310.8 D475 8ed. | L116917 | 07/04/2026 | 07/04/2026 | Libro | ||||||
| Biblioteca Prof. Eusebio Cleto del Rey | Biblioteca Prof. Eusebio Cleto del Rey | 07/04/2026 | 658.310.8 D475 8ed. | L116919 | 07/04/2026 | 07/04/2026 | Libro | ||||||
| Biblioteca Prof. Eusebio Cleto del Rey | Biblioteca Prof. Eusebio Cleto del Rey | 07/04/2026 | 658.310.8 D475 8ed. | L116920 | 07/04/2026 | 07/04/2026 | Libro |